000 01056cam a22002891 4500
001 e 56000154
003 DLC
005 20260227111236.0
008 780508s1956 dcua b f000 0 eng c
010 _ae 56000154
035 _a(OCoLC)3873404
040 _aU.S. Office of Education. Library
_cKyLoU
_dDLC
042 _apremarc
043 _ae-au---
045 _ax4x5
050 0 0 _aL111
_b.A6 1957, no. 2
082 _a371.12
100 1 _aLahey, Helen C.
245 1 0 _aAustrian teachers and their education since 1945.
260 _a[Washington]
_bU.S. Dept. of Health, Education, and Welfare, Office of Education
_c[1956]
300 _avi, 82 p.
_billus.
_c24 cm.
490 1 _aUnited States. Office of Education. Bulletin
_v1957, no. 2
500 _aCopies 1 and 2 bound with: Bulletin / United States. Office of Education, 1957, no. 1-1957, no. 8, subsequent to publication.
504 _aBibliography: p. 77-82.
650 0 _aTeachers
_xTraining of
_zAustria.
830 0 _aBulletin (United States. Office of Education) ;
_v1957, no. 2.
999 _c22262
_d22262